| 000 | 00908cam a2200193K 4500 | ||
|---|---|---|---|
| 082 |
_a954.031 _bCAM |
||
| 245 | 0 | 4 | _aThe Cambridge history of India |
| 260 |
_aDelhi, _bS. Chaud, _c1962- |
||
| 300 |
_a1 online resource. _billus., fold. maps. |
||
| 505 | 1 | _av. 1. Ancient India, edited by E.J. Rapson.--v. 3. Turks and Afghans, edited by W. Haig.--v. 4. The Mughul period, planned by W. Haig, edited by R. Burn.--v. 5. British India, 1497-1858, edited by H.H. Dodwell.--v. 6. The Indian Empire, 1858-1918, with chapters on the development of administration, 1818-1858, edited by H.H. Dodwell. | |
| 526 |
_a0 _b0 _c0 _d954_031000000000000_CAM |
||
| 650 |
_aMCE _9379 |
||
| 700 | 1 |
_aBurn, Richard, _950394 |
|
| 700 | 1 |
_aDodwell, Henry, _950395 |
|
| 700 | 1 |
_aHaig, Wolseley, _950396 |
|
| 700 | 1 |
_aRapson, E. J. _950397 |
|
| 856 | 4 | 0 | _uhttp://catalog.hathitrust.org/api/volumes/oclc/5260459.html |
| 942 |
_2ddc _cBK |
||
| 999 |
_c553125 _d553125 |
||